Príprava manažérov k celostnej spôsobilosti na VŠ a v ďalšom vzdelávaní

Na minha lista:
Detalhes bibliográficos
Autor principal: Porvazník, Ján
Outros Autores: Birknerová, Zuzana
Formato: Capítulo de Livro
Idioma:eslovaco
Tags: Adicionar Tag
Sem tags, seja o primeiro a adicionar uma tag!

MARC

LEADER 00000naa$a2200000$$$4500
001 0109800
005 20240502072217.9
041 0 |a slo 
044 |a SK 
245 1 0 |a Príprava manažérov k celostnej spôsobilosti na VŠ a v ďalšom vzdelávaní  |c Ján Porvazník, Zuzana Birknerová 
500 |a Prezentácia 
100 1 |a Porvazník, Ján 
700 1 |a Birknerová, Zuzana